| 000 | 00525nam a2200181Ia 4500 | ||
|---|---|---|---|
| 008 | 231221s9999 xx 000 0 und d | ||
| 020 | _a81-8147-534-8 | ||
| 041 | _aEnglish | ||
| 082 | _a001.642 PAT | ||
| 100 | _aPatterson, David A Hennessy, John L | ||
| 245 | 0 | _aComputer organization and design : the hardware software interface | |
| 250 | _a3rd ed. | ||
| 260 |
_c2005 _bElsevier _aNew Delhi |
||
| 300 | _axvii+ | ||
| 300 | _c40610 | ||
| 650 | _aComputer,organization,:,hardware,software,interface | ||
| 942 | _cCD | ||
| 999 |
_c203399 _d203399 |
||